000 00534nam a22001697a 4500
005 20251108174553.0
008 250721s2008 xx 000 0 ara d
082 1 4 _a792/نوا
100 1 _aالنواصرة، جمال محمد
_eمؤلف
245 1 0 _aالمسرح العربي بين منابع التراث و القضايا المعاصرة /
264 1 _aجرش :
_bالنواصرة،
_c2008.
300 _a224 ص.
650 1 7 _aالمسرح
650 1 7 _aالتراث العربي
942 _2ddc
_cBK
999 _c112531
_d112531